Entry Personal Name
Number of records used in: 1
001 - CONTROL NUMBER
003 - CONTROL NUMBER IDENTIFIER
005 - DATE AND TIME OF LATEST TRANSACTION
- control field:
20250828121509.0
008 - FIXED-LENGTH DATA ELEMENTS
- fixed length control field:
250828|| aca||aabn | a|a d
040 ## - CATALOGING SOURCE
- Original cataloging agency:
JRU
- Transcribing agency:
JRU
100 ## - HEADING--PERSONAL NAME
- Personal name:
TEJOMAYANANDA, SWAMI
670 ## - SOURCE DATA FOUND
- Source citation:
Work cat.: (JRU)8777: TEJOMAYANANDA, SWAMI, DHARMA SHASTRA: WAY TO PEACE, PROSPERITY AND PURITY , 2023